000 00251nam a22001217a 4500
005 20170729152755.0
008 170729b xxu||||| |||| 00| 0 eng d
022 _a2456-4915
245 _aEntrepreneur
260 _c2017
300 _a100
942 _cJRL
999 _c5516
_d5514